Quantitative analysis of protein synthesis inhibition and recovery in CRM107 immunotoxin-treated HeLa cells /

Đã lưu trong:
书目详细资料
主要作者: Wenning, Larissa A.
其他作者: Murphy, Regina M., Yazdi, Parvin T.
格式: Bài viết
语言:English
主题:
标签: 添加标签
没有标签, 成为第一个标记此记录!
Thư viện lưu trữ: Thư viện Trường Đại học Đà Lạt
LEADER 01000nam a2200313 4500
001 DLU090098020
005 ##20091201
040 # # |a DLU  |b eng 
041 # # |a eng 
044 # # |a us 
100 # # |a Wenning, Larissa A.  
245 # # |a Quantitative analysis of protein synthesis inhibition and recovery in CRM107 immunotoxin-treated HeLa cells /  |c Larissa A. Wenning, Parvin T. Yazdi, Regina M. Murphy. 
653 # # |a Cellular trafficking 
653 # # |a CRM107 
653 # # |a Diphtheria toxin 
653 # # |a Immunotoxins 
653 # # |a Transferrin receptor  
700 # # |a Murphy, Regina M.  
700 # # |a Yazdi, Parvin T.  
773 # # |t Biotechnology and Bioengineering  |g Vol. 57, no. 4 (February 1998), p. 484-496 
920 # # |a Phòng Tạp chí -- Trung tâm Thông tin - Thư viện Trường Đại học Đà Lạt 
994 # # |a DLU 
900 # # |a True 
911 # # |a Trương Bảo Trâm Anh 
925 # # |a G 
926 # # |a A 
927 # # |a BB 
980 # # |a Thư viện Trường Đại học Đà Lạt